Top UK Restaurant Chains - Statistics

General Stats
  • This quiz has been taken 127 times
  • The average score is 14 of 23
Answer Stats
Hint Answer % Correct
Burgers McDonald's
94%
Coffee Starbucks
94%
Chicken KFC
93%
Pizza Pizza Hut
88%
Coffee Costa Coffee
87%
Burgers Burger King
85%
Sandwiches Subway
85%
Pizza Domino's Pizza
83%
Bakery Greggs
77%
Pub J D Wetherspoon
75%
Doughnuts Krispy Kreme
73%
Italian Pizza Express
72%
Chicken Nando's
62%
Japanese Wagamama
56%
Pizza Papa John's
54%
Coffee Caffe Nero
52%
Sandwiches / Coffee Pret a Manger
49%
American TGI Friday's
28%
Italian Frankie & Benny's
24%
Pub Harvester
22%
Fish & Chips Harry Ramsden's
19%
Pub Toby Carvery
13%
American Hard Rock Cafe
3%
No matching quizzes found
Score Distribution
Percent of People with Each Score
Percentile by Number Answered
Your Score History
You have not taken this quiz